000 01030nam a2200277 c 4500
003 BLK
005 20180420234029.0
008 180410b bul|||||r ||||||| ||bul||
010 _aKNG00159280000
040 _aBLK
041 _aBUL
_cBUL
080 _aБългарска литература
_b821.163.2
_x-94
_z821.163.2-94
100 1 _aБръзицов, Христо Димитров
_eпърви автор
_9302889
139 _aБръзицов, Христо Димитров
_bБ 83
245 1 0 _a3000 нощи в затвора
_bСпомени
_cХристо Димитров Бръзицов.
257 _aBGR
260 София
_bУнив. изд. Св. Климент Охридски
_c1991
300 _a239 с.
_c20 см
380 _aX
500 _aОфс. изд. - 6 065 тиp.
852 _aЦб 168092
856 4 _qpdf
_u
856 4 _qpdf
_u
942 _cKNG
_n0
944 _aCR
_c04.04.2014
_l04.04.2014 - от С1,Р / 04.04.2014
_kСамет_Онур
944 _aED
_c04.04.2014
_l04.04.2014 - от С1,Р / 04.04.2014
_k
999 _c152762
_d152762